| 000 | 00643nam a2200217 a 4500 | ||
|---|---|---|---|
| 001 | 3087 | ||
| 003 | CDMR | ||
| 005 | 20151026134202.0 | ||
| 008 | 130130s1985||||||||||||||||||||||||||||d | ||
| 020 | _a8486153581 | ||
| 040 |
_aCDMR _bcat _cCDMR |
||
| 100 | 1 |
_aBernal, Sebastià _92253 |
|
| 245 | 1 | 0 |
_aPeriodismo informativo de creación _cSebastián Bernal, Lluís Albert Chillón |
| 260 |
_aBarcelona _c1985 _bMitre |
||
| 490 | 0 | _aNuevos Signos | |
| 650 | 0 | 4 |
_9797 _aReportatges literaris |
| 650 | 0 | 4 |
_93219 _aPeriodisme _xObjectivitat |
| 650 | 0 | 4 |
_93772 _aPeriodisme--Manuals d'estil |
| 700 | 1 |
_91934 _aChillón, Albert _d1960- |
|
| 942 |
_cMON _2udc |
||
| 999 |
_c3087 _d3087 |
||